A user-friendly smoke house (Record no. 52546)

MARC details
000 -LEADER
fixed length control field 00515nam a2200133Ia 4500
100 ## - MAIN ENTRY--AUTHOR NAME
Personal name Joseph C.M.
245 #2 - TITLE STATEMENT
Title A user-friendly smoke house
260 ## - PUBLICATION, DISTRIBUTION, ETC. (IMPRINT)
Name of publisher In: Global competitiveness of Indian rubber plantation industry: Rubber Planters' Conference, India 2002. (Ed. C. Kuruvilla Jacob). Rubber Research Institute of India, Kottayam, India, pp. 227-230
Year of publication 2003
650 ## - SUBJECT ADDED ENTRY--TOPICAL TERM
Topical Term Fuel efficiency
650 ## - SUBJECT ADDED ENTRY--TOPICAL TERM
Topical Term Sheet rubber quality
650 ## - SUBJECT ADDED ENTRY--TOPICAL TERM
Topical Term Smoke house
942 ## - ADDED ENTRY ELEMENTS (KOHA)
Koha item type Bibliography STAF
Holdings
Withdrawn status Lost status Damaged status Not for loan Home library Current library Date acquired Koha item type
      Bibliography RRII Library RRII Library 09/04/2014 Bibliography STAF